000 00436nam a2200169Ia 4500
003 GCL
008 140319s9999 xx 000 0 ara d
040 _aGCL /
_cGCL
082 0 4 _a813.03
_bف م
100 1 _aفؤاد القصاص
245 1 0 _aالموتى يتكلمون /
_cفؤاد القصاص
300 _a114 ص
490 _a
650 0 4 _aالادب العربى
650 0 4 _aالقصة العربية
942 _2ddc
_cBK
999 _c38328
_d38328